French Diaspora - Statistics

General Stats
  • This quiz has been taken 493 times
    485 since last reset
  • The average score is 15 of 22
Answer Stats
Approximation Country % Correct
11,800,000 United States
100%
11,880,000 Canada
97%
3,000,000 United Kingdom
93%
122,000 Spain
92%
111,000 Germany
91%
1,000,000 Brazil
89%
6,200,000 Belgium
88%
110,000 Australia
87%
140,000 Switzerland
86%
6,000,000 Argentina
83%
2,000,000 Mexico
82%
900,000 Chile
75%
4,000 New Zealand
67%
255,000 Peru
63%
380,000 South Africa
56%
300,000 Uruguay
53%
13,000 India
51%
23,000 Luxembourg
47%
200,000 Israel
46%
21,000 Lebanon
37%
124,000 Madagascar
24%
24,000 Mauritius
17%
No matching quizzes found
Score Distribution
Percent of People with Each Score
Percentile by Number Answered
Your Score History
You have not taken this quiz since the last reset